00477nam a2200193 a 4500001001300000003000900013005001700022008004100039020001000080082001300090100001400103245002700117260004500144300000900189500003500198505001000233650002600243700001400269nice12345678IN_TiNIC20260116012227.0050524s1961 lona grp 000 0 eng  ac10000a232bBOA aBoas, M I aGod, Christ and Pagan. aLondonbGeorge Allen and Unwin Ltdc1961 a187p aincludes index and biblioraphy2 aNotes aJesus Christ-Divinity1 aBoas, M I